• 首页
  • 本馆介绍
  • 公告通知
  • 最新文献
  • 馆藏检索
  • 电子资源
  • 读者导购
  • 参考咨询
  • 我的图书馆
  • 登录
  • 详细信息显示
  • 放入我的书架
  • 预约/预借图书
  • 作者相关作品
  • 分类相关作品
  • 丛书相关作品
  • 出版社相关作品

书目信息

  • 表格格式
  • 工作单格式
  • 卡片格式
题名:
阿拉伯通史
    
 
作者: 纳忠 著
分册: 上卷  
出版信息: 北京   商务印书馆  2005
页数: 648页
开本: 21cm
丛书名: 中国文库
单 册:
中图分类: K370.0
科图分类:
主题词: 阿拉伯国家--历史 , 阿拉伯国家 , 历史
电子资源:
ISBN: 7-100-04328-X
000 00966oam2 2200289 450
001 1231171594
005 20121007084247.85
010    @a7-100-04328-X@dCNY33.00
100    @a20080505d2005 em y0chiy50 ea
101 0  @achi
102    @aCN@b110000
105    @aa z 000yy
200 1  @a阿拉伯通史@Aa la bo tong shi@f纳忠著@h上卷
210    @a北京@c商务印书馆@d2005
215    @a648页@c照片,图@d21cm
225 2  @a中国文库@i史学类
308    @a文库第一辑
330    @a本书阐述阿拉伯人从氏族社会时代的游牧部落发展到封建社会时代的民族、国家,再发展成为今日20余个国家和地区的主要历程。重点放在古代和中代(从公元前后到1517年),近现代部分仅从阿拉伯历史的连续性和统一性的角度简略叙述。
461  0 @12001 @a中国文库
462  0 @12001 @a史学类
606 0  @a阿拉伯国家@x历史
606 0  @a阿拉伯国家
606 0  @a历史
690    @aK370.0@v4
701  0 @c(回)@a纳忠@Ana zhong@f(1910~2008)@4著
801  0 @aCN@bNLC@c20101222
905    @a10447@dK370.0@eJY24:1
    
    阿拉伯通史/纳忠著.上卷.-北京:商务印书馆,2005
    648页:照片,图;21cm.-(中国文库.史学类)
    
    
    ISBN 7-100-04328-X:CNY33.00
    本书阐述阿拉伯人从氏族社会时代的游牧部落发展到封建社会时代的民族、国家,再发展成为今日20余个国家和地区的主要历程。重点放在古代和中代(从公元前后到1517年),近现代部分仅从阿拉伯历史的连续性和统一性的角度简略叙述。
●
相关链接 在E读中查询图书 在五车中查询图书 在当当中查询图书 在豆瓣中查询图书


正题名:阿拉伯通史     索取号:K370.0/JY24:1         预约/预借

序号 登录号 条形码 馆藏地/架位号 状态 备注
1 7832152   278321521   学院路分馆/ [索取号:K370.0/JY24:1] 在馆    
唐山师范学院图书馆 欢迎您!
大连网信软件有限公司© 版权所有